| 000 | 02001nam0a2200397 i 4500 | ||
|---|---|---|---|
| 001 | RU\NLR\BIBL_A\010934485 | ||
| 005 | 20260407070758.0 | ||
| 010 |
_a9785981780790 _91000 |
||
| 021 |
_aRU _b2015-93727 _95790 |
||
| 035 | _a(NILC)RuMoRGB-007940890 | ||
| 035 | _a(NLR Aleph) 010934485 | ||
| 090 |
_a10729837 _c10729837 |
||
| 100 | _a20151217d2015 m y0rusy50 ca | ||
| 101 | 0 | _arus | |
| 102 | _aRU | ||
| 105 | _aac z 000yd | ||
| 200 | 1 |
_aЭкслибрисы Аркадия Григорьевича Елфимова _f[Общественный благотворительный фонд "Возрождение Тобольска" _gред.-сост. Сергей Птухин _gред. Нина Ягодинцева] |
|
| 210 |
_aТобольск _cТюменский региональный общественный благотворительный фонд "Возрождение Тобольска" _d2015 |
||
| 215 |
_a95, [16] с. _cил., цв. ил., портр. _d29 |
||
| 225 | 1 |
_aСибирский художественный музей _eСХМ _vКн. 7 |
|
| 300 | _aЗагл. обл.: Экслибрисы А. Г. Елфимова | ||
| 512 | 1 | _aЭкслибрисы А. Г. Елфимова | |
| 600 | 1 |
_aЕлфимов _bА. Г. _f1950 _gАркадий Григорьевич _92451054 _3RU\NLR\AUTH\661457308 |
|
| 606 |
_aЭкслибрисы _z21 в. _92263997 _3RU\NLR\AUTH\6601586928 |
||
| 686 | 1 | _aЩ163(2Р=Рус)7-8Елфимов | |
| 686 | 1 | _aЧ610.613(2)7-8 | |
| 686 | 1 | _aЩ153(0)65-487 | |
| 702 | 1 |
_aПтухин _bС. Ф. _gСергей Ф. _4220 |
|
| 702 | 1 |
_aЯгодинцева _bН. _gНина _4340 |
|
| 702 | 1 |
_aЕлфимов _bА. Г. _f1950- _gАркадий Григорьевич _4570 |
|
| 712 | 0 | 2 |
_4570 _a"Возрождение Тобольска", общественный фонд _3RU\NLR\AUTH\8810034289 _9566917 |
| 801 | 0 |
_aRU _bРГБ _c20150528 _gRCR |
|
| 942 | _cBOOK | ||
| 980 | _aNBR | ||